English National League Champions - Statistics

General Stats
  • This quiz has been taken 117 times
    36 since last reset
  • The average score is 37 of 46
Answer Stats
Season Answer % Correct
2003-04 Chester City
100%
2023-24 Chesterfield
100%
2022-23 Wrexham
100%
1990-91 Barnet
95%
2004-05 Barnet
95%
2014-15 Barnet
95%
2024-25 Barnet
95%
2010-11 Crawley Town
90%
2018-19 Leyton Orient
90%
1987-88 Lincoln City
90%
2016-17 Lincoln City
90%
1995-96 Stevenage Borough
90%
2009-10 Stevenage Borough
90%
2021-22 Stockport County
90%
1998-99 Cheltenham Town
85%
2015-16 Cheltenham Town
85%
2013-14 Luton Town
85%
1983-84 Maidstone United
85%
1988-89 Maidstone United
85%
1991-92 Colchester United
80%
2006-07 Dagenham & Redbridge
80%
1989-90 Darlington
80%
2011-12 Fleetwood Town
80%
1993-94 Kidderminster Harriers
80%
1999-00 Kidderminster Harriers
80%
1986-87 Scarborough
80%
2020-21 Sutton United
80%
2005-06 Accrington Stanley
75%
1979-80 Altrincham
75%
1980-81 Altrincham
75%
2019-20* Barrow
75%
2001-02 Boston United
75%
2008-09 Burton Albion
75%
1997-98 Halifax Town
75%
1994-95 Macclesfield Town
75%
1996-97 Macclesfield Town
75%
2017-18 Macclesfield Town
75%
2012-13 Mansfield Town
75%
2002-03 Yeovil Town
75%
1992-93 Wycombe Wanderers
70%
2007-08 Aldershot Town
65%
1982-83 Enfield
65%
1985-86 Enfield
65%
1984-85 Wealdstone
65%
2000-01 Rushden & Diamonds
60%
1981-82 Runcorn
55%
No matching quizzes found
Score Distribution
Percent of People with Each Score
Percentile by Number Answered
Your Score History
You have not taken this quiz since the last reset